Представление документа в формате RUSMARC

ПолеНазваниеЗначение
  Тип записи a
  Библиографический уровень m
001 Контрольный номер 7eeaca5ec9454421877029a1552eb626
005 Дата корректировки 20260408071831.5
010 Индекс ISBN __
a ISBN 978-5-389-24630-0
d Цена 640-16
100 Данные общей обработки __
a Данные общей обработки 20260202d2024####am#y0rusy50######ca
101 Язык документа 0_
a Язык текста rus
102 Страна публикации __
a Страна публикации RU
200 Заглавие и сведения об ответственности 1_
a Заглавие Ты моя катастрофа
e Сведения, относящиеся к заглавию роман
e Сведения, относящиеся к заглавию [для старшего школьного возраста]
f Первые сведения об ответственности Лера Деревянкина
g Последующие сведения об ответственности художник Анастасия Разумовская
210 Выходные данные 1_
a Место издания Москва
c Издательство Махаон
d Дата издания 2024
215 Физическое описание __
a Объем 285, [2] с., [4] отд. л. цв. ил.
225 Серия (Журнальная рубрика) 2_
a Серия (Журнальная рубрика) Young Аdult
i Наименование части С первого взгляда
333 Примечание о целевом назначении __
a Примечание о целевом назначении 16+
606 Тематические рубрики __
a Основная рубрика Художественная литература
606 Тематические рубрики __
a Основная рубрика Русская литература Новейшего времени (произведения)
610 Ключевые слова 0_
a Ключевые слова русская современная литература
a Ключевые слова романы
a Ключевые слова подростковая литература
a Ключевые слова тема любви
686 Индексы других классификаций __
a Индекс ББК Ст 84(2=411.2)6-44
700 Автор _1
a Фамилия Деревянкина
b Имя Л.
g Полное личное имя Лера
4 Код отношения 070
702 Вторичная интеллектуальная ответственность _1
a Фамилия Разумовская
b Имя А. В.
g Полное личное имя Анастасия В.
4 Код отношения 040
790 Имя лица - альтернативная форма _1
a Имя лица - альтернативная форма Деревянкина
b Имя В. Е.
801 Источник записи _0
a Страна RU
b Организация Центральная районная библиотека им. Г. А. Пирожникова
c Дата составления 20260202
g Правила каталогизации bzbo
801 Источник записи _1
a Страна RU
b Организация Центральная районная библиотека им. Г. А. Пирожникова
c Дата составления 20260202
g Правила каталогизации bzbo
852 Данные о местонахождении __
j Шифр хранения 84(2=411.2)6
i Авторский знак Д 361
901 Тип документа __
t Тип документа m
902 Роль лиц __
a Создатель БЗ ОКиО/Колмакова
996 Издания ограниченного доступа __
a Обозначение документа (признак издания) Наркотические средства
b Текстовое указание [!НСПВ] Незаконное потребление наркотических средств, психотропных веществ, их аналогов причиняет вред здоровью, их незаконный оборот запрещен и влечет установленную законодательством ответственность